| 000 | 00535nam a2200181Ia 4500 | ||
|---|---|---|---|
| 008 | 090123s9999 xx 000 0 und d | ||
| 082 | _b14404 | ||
| 100 | _aगोखले वि.वि. | ||
| 245 | _aउद्याचे जग | ||
| 250 | _a1 | ||
| 260 | _bजगताप कारले प्रकाशन | ||
| 300 | _a148 | ||
| 600 | _aगोखले वि.वि. | ||
| 630 | _aउद्याचे जग | ||
| 700 | _aगोखले वि.वि. | ||
| 730 | _aउद्याचे जग | ||
| 942 | _cBOOK | ||
| 999 |
_c52465 _d52465 |
||